000 00753nam a22002417a 4500
005 20170124105916.0
010 _aB-227699
020 _c395.00
_a9788120329874
035 _aB-227699
037 _bCen Lib/Ret
040 _aDPL
_bEN
082 _a512
_bGHO
100 _aGhosh, Pallab
_92606
245 _aNumerical methods with computer progarmes in c++ /
_cby Pallab Ghosh
246 _b
260 _bPrintice Hall
_c2006
_aNew Delhi
270 _bNew Delhi
_aM-97, Connought Place
_e110001
300 _avi, 641p.:
_c23cm(pbk)
_bill.
500 _aincludes bibliographical references and index
650 _aMathematical Foundations
_92607
650 _a Programming Languages
_91109
942 _2ddc
_cEN
_h512
_mGHO
999 _c122837
_d122837